Duck Bob's General Knowledge #4 - Statistics

General Stats
  • This quiz has been taken 17 times
  • The average score is 7 of 20
Answer Stats
Hint Answer % Correct
Who's six wives can be remembered by the rhyme "Divorced, beheaded, died; divorced, beheaded, survived"? Henry VIII
94%
Which tennis open is played on clay courts? French Open
81%
What is the largest double digit prime number? 97
63%
What is the end of a shoelace called? Aglet
56%
According to legend, which type of tree did George Washington cut down? Cherry Tree
56%
What is the nearest star to the Earth excluding the Sun? Alpha Centauri
50%
What are the only two doubly landlocked countries in the world? Liechtenstein
50%
What are the only two doubly landlocked countries in the world? Uzbekistan
50%
In blackjack, you are allowed to hit, stand, or what? Split
44%
What do North Koreans refer to their head of state as? Supreme Leader
38%
What is the 118th element of the periodic table? Oganesson
31%
What modern animal has the strongest bite force? Saltwater Crocodile
31%
What actor played Clubber Lang in Rocky Mr. T
25%
According to a common myth, how many times is the steel in a katana folded? 1000
19%
What is the fifth commandment in Christianity? Honor thy father and mother
19%
What was the original English name of the color orange? Yellowred
19%
What is the landmass consisting of Norway, Sweden, and Finland called? Fennoscandia
6%
Was was the Spanish political party overthrown by Francisco Franco in the Spanish Civil War? The Popular Front
6%
In Hamlet, name one of the two noble friends of Hamlet who disappeared on ship out to sea William Rosencrantz | Anne Guildenstern
6%
What is the most common stop codon code? UAA
0%
No matching quizzes found
Score Distribution
Percent of People with Each Score
Percentile by Number Answered
Your Score History
You have not taken this quiz